1329 1220 1117 1500 1051 1970 1176 1927 1428 1776 1148 1832 1822 1822 1344 1640 1947 1805 1613 1712 1229 1189 1288 1877 1000 1650 1479 1593 1232 1309 1694 1249 1809 1705 1358 1085 1097 1993 1389 1101 1520 1538 1233 1301 1546 1041 1559 1882 1344 1790 1002 1289 1148 1485 1150 1928 1338 1670 1598 1036 1581 1384 1369 1508 1853 1415 1172 1956 1987 1859 1027 1807 1253 1937 1448 1995 1050 1169 1645 1132 1976 1353 1253 1468 1750 1376 1113 1142 1660 1218 1052 1137 1592 1523 1986 1735 1203 1107 1396 BCNSPRNW ULIB Ver.6.0+V

เปลี่ยนเป็นภาษาไทย

Change to English
 แสดงรายละเอียดบรรณานุกรม
  กลับหน้าหลัก

Brief Record : Get Marc (ISO 2709) : E-mail record : QR code < ปิดหน้าต่าง
LEADER : 00000nam 2200000uu 4500
001    13399126905
003     ULIB
008    190902s2561||||th 000 0 tha d
020    ^a9786164431188
060    ^aQZ4^bจ167พ
100    ^aจริยา ไวศยารัทธ์ ไพศาล บุญสะกันต์ จิตชัย ขยันการนาวี และชินวุฒิ สุริยนเปล่งแสง
245    ^aพยาธิวิทยากายวิภาค Anatomic Pathology
250    ^aพิมพ์ครั้งที่ 1
260    ^aกรุงเทพฯ :^bภาควิชาพยาธิวิทยา คณะแพทย์ศาสตร์โรงพยาบาลรามาธิบดี มหาวิทยาลัยมหิดล,^c2561
300    ^a368 หน้า^bภาพประกอบ, ตาราง, ภาคผนวก
650    ^aพยาธิวิทยา
650    ^aกายวิภาคศาสตร์
945    ^p750^l0^i005752
945    ^p750^l0^i005751
945    ^p750^l0^i005750
945    ^p750^l0^i005746
945    ^p750^l0^i005747
945    ^p750^l0^i005748
945    ^p750^l0^i005749
945    ^p750^l0^i005743
945    ^p750^l0^i005745
945    ^p750^l0^i005744
999    ^aอังศุธร กาญจนาโรจน์พันธ์
รายการนี้ยังไม่มีแท็ก
คุณยังไม่ได้ล็อกอิน คุณสามารถมีกิจกรรมร่วมกับเว็บไซต์ได้ แต่ต้องล็อกอินก่อน ::
  ล็อกอิน

รายการสื่อสารสนเทศ

ลำดับที่ ประเภท เลขเรียก/บาร์โค้ด สถานที่ สถานะ
1. วิทยาศาสตร์การแพทย์ และสุขภาพ
หนังสือสำรอง
สถานะ=หนังสือสำรอง
QZ4 จ167พ ฉ.1 
  Barcode: 005743
ห้องสมุดวิทยาเขตสวรรค์ประชารักษ์
►หนังสือทั่วไป
บนชั้น
2. วิทยาศาสตร์การแพทย์ และสุขภาพ
วิทยาศาสตร์การแพทย์ และสุขภาพ
QZ4 จ167พ ฉ.10 
  Barcode: 005752
ห้องสมุดวิทยาเขตสวรรค์ประชารักษ์
►หนังสือทั่วไป
บนชั้น
3. วิทยาศาสตร์การแพทย์ และสุขภาพ
วิทยาศาสตร์การแพทย์ และสุขภาพ
QZ4 จ167พ ฉ.2 
  Barcode: 005744
ห้องสมุดวิทยาเขตสวรรค์ประชารักษ์
►หนังสือทั่วไป
ถูกยืม กำหนดส่งวันที่ 25 มีนาคม 2569
  จอง
4. วิทยาศาสตร์การแพทย์ และสุขภาพ
วิทยาศาสตร์การแพทย์ และสุขภาพ
QZ4 จ167พ ฉ.3 
  Barcode: 005745
ห้องสมุดวิทยาเขตสวรรค์ประชารักษ์
►หนังสือทั่วไป
บนชั้น
5. วิทยาศาสตร์การแพทย์ และสุขภาพ
วิทยาศาสตร์การแพทย์ และสุขภาพ
QZ4 จ167พ ฉ.4 
  Barcode: 005746
ห้องสมุดวิทยาเขตสวรรค์ประชารักษ์
►หนังสือทั่วไป
ถูกยืม กำหนดส่งวันที่ 3 เมษายน 2568
  จอง
6. วิทยาศาสตร์การแพทย์ และสุขภาพ
วิทยาศาสตร์การแพทย์ และสุขภาพ
QZ4 จ167พ ฉ.5 
  Barcode: 005747
ห้องสมุดวิทยาเขตสวรรค์ประชารักษ์
►หนังสือทั่วไป
บนชั้น
7. วิทยาศาสตร์การแพทย์ และสุขภาพ
วิทยาศาสตร์การแพทย์ และสุขภาพ
QZ4 จ167พ ฉ.6 
  Barcode: 005748
ห้องสมุดวิทยาเขตสวรรค์ประชารักษ์
►หนังสือทั่วไป
บนชั้น
8. วิทยาศาสตร์การแพทย์ และสุขภาพ
วิทยาศาสตร์การแพทย์ และสุขภาพ
QZ4 จ167พ ฉ.7 
  Barcode: 005749
ห้องสมุดวิทยาเขตสวรรค์ประชารักษ์
►หนังสือทั่วไป
ถูกยืม กำหนดส่งวันที่ 10 พฤศจิกายน 2568
  จอง
9. วิทยาศาสตร์การแพทย์ และสุขภาพ
วิทยาศาสตร์การแพทย์ และสุขภาพ
QZ4 จ167พ ฉ.8 
  Barcode: 005750
ห้องสมุดวิทยาเขตสวรรค์ประชารักษ์
►หนังสือทั่วไป
บนชั้น
10. วิทยาศาสตร์การแพทย์ และสุขภาพ
วิทยาศาสตร์การแพทย์ และสุขภาพ
QZ4 จ167พ ฉ.9 
  Barcode: 005751
ห้องสมุดวิทยาเขตสวรรค์ประชารักษ์
►หนังสือทั่วไป
บนชั้น

รายการใกล้เคียง
    ชื่อเรื่อง [พยาธิวิทยากายวิภาค Anatomic Pathology]

    ผู้แต่ง [จริยา ไวศยารัทธ์ ไพศาล บุญสะกันต์ จิตชัย ขยันการนาวี และชินวุฒิ สุริยนเปล่งแสง]

    หัวเรื่อง [พยาธิวิทยา]
    หัวเรื่อง [กายวิภาคศาสตร์]

BibComment


ยังไม่เคยถูกคอมเมนท์

คอมเมนท์ทรัพยากรรายการนี้
  คอมเมนท์: พยาธิวิทยากายวิภ..


 Copyright 2026. Bcnsprnw @Library